figure out the taylor swift song - Statistics

General Stats
  • This quiz has been taken 37 times
  • The average score is 374 of 456
Answer Stats
Answer % Correct
i
100%
you
100%
You
100%
a
97%
an
97%
and
97%
be
97%
we
97%
(we
97%
he
93%
it
93%
in
90%
me
90%
my
90%
(my
90%
see
90%
the
90%
(the
90%
time
90%
to
90%
are
86%
can
86%
do
86%
do)
86%
for
86%
go
86%
(go)
86%
is
86%
night
86%
night)
86%
(night)
86%
of
86%
so
86%
that
86%
then
86%
this
86%
was
86%
with
86%
but
83%
first
83%
him
83%
if
83%
im
83%
i'm
83%
love
83%
never
83%
no
83%
(no
83%
one
83%
ready
83%
saw
83%
too
83%
all
79%
baby
79%
(baby)
79%
has
79%
how
79%
knew
79%
know
79%
know)
79%
like
79%
man
79%
middle
79%
some
79%
things
79%
try
79%
youll
79%
alone
76%
down
76%
dreams
76%
dreams)
76%
every
76%
gon
76%
gonna
76%
hard
76%
island
76%
killer
76%
left
76%
ransom
76%
should
76%
sorry
76%
ta
76%
take
76%
touch
76%
at
72%
boys
72%
breeze
72%
dont
72%
girls
72%
had
72%
ive
72%
robber
72%
though
72%
tryin
72%
act
69%
begin
69%
games
69%
haunted
69%
hearts
69%
hes
69%
let
69%
lights
69%
low
69%
(low)
69%
nothing
69%
now
69%
oh
69%
sayin
69%
better
66%
exes
66%
failure
66%
ghost
66%
keep
66%
many
66%
phantom
66%
runnin
66%
stealin
66%
such
66%
taylor
66%
than
66%
we'll
66%
younger
66%
burton
62%
forever
62%
holdin
62%
jailer
62%
same
62%
thief
62%
vendetta
62%
(yeah)
62%
off
59%
tame
59%
their
59%
very
59%
forget
55%
heist
55%
join
55%
mmm
55%
(mmm)
55%
move
55%
names
55%
comparison
52%
known
52%
wondered
48%
loved
45%
ah
41%
No matching quizzes found
Score Distribution
Percent of People with Each Score
Percentile by Number Answered
Your Score History
You have not taken this quiz